• 首页
  • 本馆介绍
  • 公告通知
  • 最新文献
  • 馆藏检索
  • 电子资源
  • 读者导购
  • 参考咨询
  • 我的图书馆
  • 登录
  • 详细信息显示
  • 放入我的书架
  • 预约/预借图书
  • 作者相关作品
  • 分类相关作品
  • 丛书相关作品
  • 出版社相关作品

书目信息

  • 表格格式
  • 工作单格式
  • 卡片格式
题名:
木质材料表面装饰技术
    
 
作者: 张一帆 主编
分册:  
出版信息: 北京   化学工业出版社  2006
页数: 283页
开本: 26cm
丛书名: 木材工业丛书
单 册:
中图分类: TB322 , TS654
科图分类:
主题词: 木材--饰面--生产工艺 , 木材 , 饰面 , 木材加工
电子资源:
ISBN: 7-5025-9086-2
000 01018oam2 2200289 450
001 1535075614
005 20150130192545.32
010    @a7-5025-9086-2@dCNY38.00
100    @a20061101d2006 em y0chiy50 ea
101 0  @achi
102    @aCN@b110000
105    @aa z 000yy
200 1  @a木质材料表面装饰技术@9mu zhi cai liao biao mian zhuang shi ji shu@f张一帆主编
210    @a北京@c化学工业出版社@d2006
215    @a283页@c图@d26cm
225 2  @a木材工业丛书
330    @a本书叙述了目前生产中广泛应用的装饰工艺技术,如薄片贴面装饰、合成树脂贴面装饰及涂饰装饰等,并介绍了一些有发展前景的新工艺、新技术,如人造组合薄木、装饰竹片、预涂饰纸、粉末喷涂、型材包覆等饰面技术,以及连续层压板、柔性浸渍纸生产新工艺等。
461  0 @12001 @a木材工业丛书
606 0  @a木材@x饰面@x生产工艺
606 0  @a木材
606 0  @a饰面
606 0  @a木材加工
690    @aTB322@v5
690    @aTS654@v4
701  0 @a张一帆@9zhang yi fan@c(女,@f1955~)@4主编
801  0 @aCN@bTSSF@c20150130
905    @aZUCC@dTS654@eJY172
    
    木质材料表面装饰技术/张一帆主编.-北京:化学工业出版社,2006
    283页:图;26cm.-(木材工业丛书)
    
    
    ISBN 7-5025-9086-2:CNY38.00
    本书叙述了目前生产中广泛应用的装饰工艺技术,如薄片贴面装饰、合成树脂贴面装饰及涂饰装饰等,并介绍了一些有发展前景的新工艺、新技术,如人造组合薄木、装饰竹片、预涂饰纸、粉末喷涂、型材包覆等饰面技术,以及连续层压板、柔性浸渍纸生产新工艺等。
●
相关链接 在E读中查询图书 在五车中查询图书 在当当中查询图书 在豆瓣中查询图书


正题名:木质材料表面装饰技术     索取号:TS654/JY172         预约/预借

序号 登录号 条形码 馆藏地/架位号 状态 备注
1 7862622   278626220   学院路分馆/ [索取号:TS654/JY172] 在馆    
2 7863177   278631777   学院路分馆/ [索取号:TS654/JY172] 在馆    
唐山师范学院图书馆 欢迎您!
大连网信软件有限公司© 版权所有